<?xml version="1.0" encoding="UTF-8"?><?xml-stylesheet type="text/xsl" href="static/style.xsl"?><OAI-PMH xmlns="http://www.openarchives.org/OAI/2.0/" xmlns:xsi="http://www.w3.org/2001/XMLSchema-instance" xsi:schemaLocation="http://www.openarchives.org/OAI/2.0/ http://www.openarchives.org/OAI/2.0/OAI-PMH.xsd"><responseDate>2026-04-17T00:57:07Z</responseDate><request verb="GetRecord" identifier="oai:www.recercat.cat:10230/44933" metadataPrefix="marc">https://recercat.cat/oai/request</request><GetRecord><record><header><identifier>oai:recercat.cat:10230/44933</identifier><datestamp>2025-12-20T17:03:57Z</datestamp><setSpec>com_2072_6</setSpec><setSpec>col_2072_452952</setSpec></header><metadata><record xmlns="http://www.loc.gov/MARC21/slim" xmlns:dcterms="http://purl.org/dc/terms/" xmlns:xsi="http://www.w3.org/2001/XMLSchema-instance" xmlns:doc="http://www.lyncode.com/xoai" xsi:schemaLocation="http://www.loc.gov/MARC21/slim http://www.loc.gov/standards/marcxml/schema/MARC21slim.xsd">
   <leader>00925njm 22002777a 4500</leader>
   <datafield ind2=" " ind1=" " tag="042">
      <subfield code="a">dc</subfield>
   </datafield>
   <datafield ind2=" " ind1=" " tag="720">
      <subfield code="a">Benet, Marta</subfield>
      <subfield code="e">author</subfield>
   </datafield>
   <datafield ind2=" " ind1=" " tag="720">
      <subfield code="a">Escuriet Peiró, Ramón, 1968-</subfield>
      <subfield code="e">author</subfield>
   </datafield>
   <datafield ind2=" " ind1=" " tag="720">
      <subfield code="a">Alcaraz Quevedo, Manuela</subfield>
      <subfield code="e">author</subfield>
   </datafield>
   <datafield ind2=" " ind1=" " tag="720">
      <subfield code="a">Ezquerra, Sandra</subfield>
      <subfield code="e">author</subfield>
   </datafield>
   <datafield ind2=" " ind1=" " tag="720">
      <subfield code="a">Pla, Margarida</subfield>
      <subfield code="e">author</subfield>
   </datafield>
   <datafield ind2=" " ind1=" " tag="260">
      <subfield code="c">2020-06-09T06:13:26Z</subfield>
   </datafield>
   <datafield ind2=" " ind1=" " tag="260">
      <subfield code="c">2020-06-09T06:13:26Z</subfield>
   </datafield>
   <datafield ind2=" " ind1=" " tag="260">
      <subfield code="c">2019</subfield>
   </datafield>
   <datafield ind2=" " ind1=" " tag="520">
      <subfield code="a">Objetivo: Analizar la implementación de las estrategias de salud reproductiva en las actividades cotidianas de los servicios y la transformación de las prácticas de profesionales y usuarias. Método: Investigación cartográfica de tipo etnográfico multilocal orientada a captar los procesos de transformación. Técnicas de generación de datos: observación participante y entrevistas situadas. Análisis del discurso del corpus textual a partir de tres líneas de acción promovidas por las estrategias. Resultados: Se observan elementos de transformación en: 1) desmedicalización: aumento de la competencia y autonomía de la matrona, cambios en las episiotomías y facilitación de prácticas de vínculo; 2) calidez en la atención: incorporación de las necesidades y expectativas de la mujer y mejoras en la confortabilidad de los espacios en partos fisiológicos; y 3) participación: acciones que favorecen la toma de decisiones compartida y mayor implicación de la persona acompañante. Conclusiones: La transformación se visibiliza sobre todo en la incorporación de nuevas actitudes, nuevas sensibilidades y nuevas praxis que empiezan alrededor de las viejas estructuras, especialmente en la atención al parto fisiológico. Los espacios más tecnificados han sido menos permeables al cambio. La gestión del riesgo en la toma de decisiones y el abordaje de la diversidad se identifican como campos en los que la transformación es menos evidente.</subfield>
   </datafield>
   <datafield ind2=" " ind1=" " tag="520">
      <subfield code="a">Objective: We analyse how reproductive health strategies have been incorporated into the everyday activities of the services and the resulting transformation of professional and user practices. Method: Cartographic research taking a multi-sited ethnographic approach that seeks to reveal the processes of transformation. Data generation techniques featuring participant observation and situated interviews. Discourse analysis of the text corpus using three analytical axes based on three main lines of action promoted by the strategies.&#xd;
Results: We identified transformations in: 1) demedicalisation: an increase in midwives’ know-how and autonomy, changes in episiotomy practice and the facilitation of bonding practices; 2) warmth of care: incorporation of women&amp;apos;s needs and expectations and improvements in the comfortableness of birth settings, especially in assistance at physiological birth; and 3) participation: actions that foster shared decision-making and the involvement of the persons accompanying women in labour. Conclusions: Above all, transformation is visible in the incorporation of new attitudes, sensibilities and practices that have developed around the old structures, especially during physiological childbirth. The more technological areas have been less permeable to change. Risk management in decision-making and addressing diversity are identified as areas where transformation is less evident.</subfield>
   </datafield>
   <datafield tag="653" ind2=" " ind1=" ">
      <subfield code="a">Política pública</subfield>
   </datafield>
   <datafield tag="653" ind2=" " ind1=" ">
      <subfield code="a">Servicios de salud reproductiva</subfield>
   </datafield>
   <datafield tag="653" ind2=" " ind1=" ">
      <subfield code="a">Parto humanizado</subfield>
   </datafield>
   <datafield tag="653" ind2=" " ind1=" ">
      <subfield code="a">Participación del paciente</subfield>
   </datafield>
   <datafield tag="653" ind2=" " ind1=" ">
      <subfield code="a">Investigación en servicios de salud</subfield>
   </datafield>
   <datafield tag="653" ind2=" " ind1=" ">
      <subfield code="a">Investigación cualitativa</subfield>
   </datafield>
   <datafield tag="653" ind2=" " ind1=" ">
      <subfield code="a">Etnografía</subfield>
   </datafield>
   <datafield tag="653" ind2=" " ind1=" ">
      <subfield code="a">Public policy</subfield>
   </datafield>
   <datafield tag="653" ind2=" " ind1=" ">
      <subfield code="a">Reproductive health services</subfield>
   </datafield>
   <datafield tag="653" ind2=" " ind1=" ">
      <subfield code="a">Humanizing delivery</subfield>
   </datafield>
   <datafield tag="653" ind2=" " ind1=" ">
      <subfield code="a">Patient participation</subfield>
   </datafield>
   <datafield tag="653" ind2=" " ind1=" ">
      <subfield code="a">Health services research</subfield>
   </datafield>
   <datafield tag="653" ind2=" " ind1=" ">
      <subfield code="a">Qualitative research</subfield>
   </datafield>
   <datafield tag="653" ind2=" " ind1=" ">
      <subfield code="a">Ethnography</subfield>
   </datafield>
   <datafield ind2="0" ind1="0" tag="245">
      <subfield code="a">Alcance de la implementación en Cataluña de las estrategias de salud reproductiva (2008-2017)</subfield>
   </datafield>
   <datafield ind2="0" ind1="0" tag="245">
      <subfield code="a">The extent of the implementation of reproductive health strategies in Catalonia (Spain) (2008-2017)</subfield>
   </datafield>
</record></metadata></record></GetRecord></OAI-PMH>